Responsabilidad patrimonial del estado legislador por leyes declaradas inconstitucionales: su eventual procedencia en el sistema chileno
Wedi'i Gadw mewn:
| Prif Awdur: | |
|---|---|
| Fformat: | Llyfr |
| Iaith: | Sbaeneg |
| Cyhoeddwyd: |
Santiago
Librotecnia
2011
|
| Rhifyn: | 1a. ed |
| Pynciau: | |
| Tagiau: |
Ychwanegu Tag
Dim Tagiau, Byddwch y cyntaf i dagio'r cofnod hwn!
|
MARC
| LEADER | 00000cam a2200000 a 4500 | ||
|---|---|---|---|
| 001 | UCE2968 | ||
| 003 | CL-VaPUC | ||
| 008 | 140807e20110000cl |||||||||||||||||spa|d | ||
| 020 | |a 9789563270594 | ||
| 082 | 0 | 4 | |a 342.83041 |b NUÑ |2 21 |
| 100 | |a Núñez Leiva, José Ignacio |e autor |9 346 | ||
| 245 | 1 | 0 | |a Responsabilidad patrimonial del estado legislador por leyes declaradas inconstitucionales: su eventual procedencia en el sistema chileno |
| 250 | |a 1a. ed | ||
| 300 | |a 147 p | ||
| 942 | |c BK | ||
| 945 | |d 20140807 14:45:00 |a dcastane | ||
| 260 | |a Santiago |b Librotecnia |c 2011 | ||
| 650 | 0 | |a Responsabilidad del estado |9 258115 | |
| 650 | 0 | |a Derecho constitucional |9 222588 | |
| 650 | 7 | |a GARANTIAS CONSTITUCIONALES |2 CL-VaPUC |9 575504 | |
| 650 | 0 | |a Derecho administrativo |9 254851 | |
| 650 | 0 | |a Jurisprudencia |9 255952 | |
| 583 | |a last modification |c 20140807 14:45:00 |k Rodrigo Vera | ||
| 999 | |c 356482 |d 356480 | ||
| 952 | |0 0 |1 0 |3 erb |4 0 |6 342_830410000000000_NUÑ_2011 |7 0 |8 A |9 463844 |a BIBDER |b BIBDER |i 5093597 |o 342.83041 NUÑ 2011 |p 5093597 |r 2023-01-25 |w 2019-11-23 |y BK |z Catalogado en:20140807 |k DER | ||